00511 2200169 4500001002100000005001500021035002000036007000300056008004100059082001100100084001700111100002000128245006100148260007700209300003800286650001700324INLIS00000000000026920231128111831 a0010-1123000052ta231128 g 0 eng  a634.58 a634.58 RAE p0 aRae Kyeong Park1 aPeanut Breeding And Agronomy In Korea /cRae Kyeong Park aKorea :bCrop Experiment Station Rural Cevelopment Administration,c1992 a61 hlm, :bilus, ;c15 cm x 23 cm 4aKacang Tanah